<?xml version="1.0" encoding="UTF-8"?>
<collection xmlns="http://www.loc.gov/MARC21/slim">
 <record>
  <leader>00851cam a2200241 7i4500</leader>
  <controlfield tag="001">0000010740</controlfield>
  <controlfield tag="005">20150325090000.0</controlfield>
  <controlfield tag="003">  iicp-my</controlfield>
  <controlfield tag="005">  20030826120800.0</controlfield>
  <controlfield tag="008">030826t19731968mau     d     000 0aeng  </controlfield>
  <datafield tag="020" ind1=" " ind2=" ">
   <subfield code="a">0816160805 </subfield>
  </datafield>
  <datafield tag="035" ind1=" " ind2=" ">
   <subfield code="a">298732</subfield>
  </datafield>
  <datafield tag="039" ind1=" " ind2="9">
   <subfield code="a">200308261208</subfield>
   <subfield code="b">Yusnizam</subfield>
   <subfield code="c">200308261206</subfield>
   <subfield code="d">Yusnizam</subfield>
   <subfield code="y">200308261205</subfield>
   <subfield code="z">Yusnizam</subfield>
  </datafield>
  <datafield tag="090" ind1="0" ind2="0">
   <subfield code="a">915.73 </subfield>
   <subfield code="b">HAU</subfield>
  </datafield>
  <datafield tag="100" ind1="1" ind2=" ">
   <subfield code="a">Hautzig, Esther . </subfield>
  </datafield>
  <datafield tag="245" ind1="0" ind2="0">
   <subfield code="a">The endless steppe : </subfield>
   <subfield code="b">growing up in Siberia  </subfield>
   <subfield code="c">[by] Esther Hautzig..</subfield>
  </datafield>
  <datafield tag="260" ind1=" " ind2=" ">
   <subfield code="a">Boston: </subfield>
   <subfield code="b">G. K. Hall, </subfield>
   <subfield code="c">1973 [c1968].</subfield>
  </datafield>
  <datafield tag="300" ind1=" " ind2=" ">
   <subfield code="a">345 p.; </subfield>
   <subfield code="c">25 cm..</subfield>
  </datafield>
  <datafield tag="650" ind1=" " ind2="0">
   <subfield code="a">Authors, American -- </subfield>
   <subfield code="x">Biography. -- </subfield>
   <subfield code="y">20th century </subfield>
  </datafield>
  <datafield tag="650" ind1=" " ind2="0">
   <subfield code="a">Polish Americans -- </subfield>
   <subfield code="x">Biography. </subfield>
  </datafield>
  <datafield tag="650" ind1=" " ind2="0">
   <subfield code="a">Siberia (Russia) -- </subfield>
   <subfield code="x">Description and travel. </subfield>
  </datafield>
  <datafield tag="650" ind1=" " ind2="0">
   <subfield code="a">Siberia (Russia) -- </subfield>
   <subfield code="x">Social life and customs. </subfield>
  </datafield>
  <datafield tag="999" ind1=" " ind2=" ">
   <subfield code="a">1000001725</subfield>
   <subfield code="b">Book</subfield>
   <subfield code="c">White Spot</subfield>
  </datafield>
 </record>
</collection>
